000 00202nam a22000857a 4500
008 170116b xxu||||| |||| 00| 0 eng d
100 _92417
_aBiswas.S
245 _aHumpty Dupty
260 _aNew Delhi
_bAP
_c2010
999 _c5456
_d5456